تدريب الراوي في شرح تقريب النواوي ;; Tadrīb al-rāwī fī sharḥ Taqrīb al-Nawāwī / (Record no. 78057)
[ view plain ]
| 000 -LEADER | |
|---|---|
| fixed length control field | 01386cam a2200337 i 4500 |
| 001 - CONTROL NUMBER | |
| control field | 78057 |
| 003 - CONTROL NUMBER IDENTIFIER | |
| rucl marc code | BD-RjUL |
| 005 - DATE AND TIME OF LATEST TRANSACTION | |
| control field | 20211209083102.0 |
| 008 - FIXED-LENGTH DATA ELEMENTS--GENERAL INFORMATION | |
| fixed length control field | 210311s1966 pk h b 001 0 ara d |
| 035 ## - SYSTEM CONTROL NUMBER | |
| System control number | (BD-RjUL)78283 |
| 040 ## - CATALOGING SOURCE | |
| Original cataloging agency | UIU |
| Language of cataloging | eng |
| Transcribing agency | UIU |
| Description conventions | rda |
| Modifying agency | UIU |
| -- | DLC |
| 041 ## - LANGUAGE CODE | |
| Language code of text/sound track or separate title | ara |
| 066 ## - CHARACTER SETS PRESENT | |
| Primary G0 character set | (3 |
| 082 ## - DEWEY DECIMAL CLASSIFICATION NUMBER | |
| Edition number | 23 |
| Classification number | 297.12509 |
| Author mark and year | SUT 1966 |
| 100 0# - MAIN ENTRY--PERSONAL NAME | |
| Personal name | سيوطي, جلال الدين ;; Suyuti, Jalaluddin. |
| Dates associated with a name | 1445-1505, |
| Relator term | author. |
| 9 (RLIN) | 245556 |
| 245 10 - TITLE STATEMENT | |
| Title | تدريب الراوي في شرح تقريب النواوي ;; Tadrīb al-rāwī fī sharḥ Taqrīb al-Nawāwī / |
| Statement of responsibility, etc. | جلال الدين السيوطي ;; Jalāl al-Dīn al-Suyūṭī |
| 250 ## - EDITION STATEMENT | |
| Edition statement | al-Ṭabʻah al-ūlá. |
| 260 ## - PUBLICATION, DISTRIBUTION, ETC. (IMPRINT) | |
| Place of publication, distribution, etc. | القاهرة: |
| Name of publisher, distributor, etc. | دار الحديث; |
| Date of publication, distribution, etc. | ٢٠٠٤ |
| 264 #1 - PRODUCTION, PUBLICATION, DISTRIBUTION, MANUFACTURE, AND COPYRIGHT NOTICE | |
| Place of production, publication, distribution, manufacture | Qahira : |
| Name of producer, publisher, distributor, manufacturer | Dār al-Hadith ; |
| Date of production, publication, distribution, manufacture, or copyright notice | 2004 |
| 300 ## - PHYSICAL DESCRIPTION | |
| Pagination | v. ; |
| Size | 24 cm |
| 490 ## - SERIES STATEMENT | |
| Series statement | علم اصول الحديث |
| 504 ## - BIBLIOGRAPHY, ETC. NOTE | |
| Bibliography, etc | Includes bibliographical references and indexes. |
| 505 ## - FORMATTED CONTENTS NOTE | |
| Formatted contents note | Vol. 1.-- |
| 520 ## - SUMMARY, ETC. | |
| Summary, etc. | علم اصول الحديث |
| 600 00 - SUBJECT ADDED ENTRY--PERSONAL NAME | |
| Personal name | Nawawī, |
| Dates associated with a name | 1233-1277. |
| Title of a work | Taqrīb wa-al-taysīr li-maʻrifat sunan al-bashīr al-nadhīr. |
| 650 #0 - SUBJECT ADDED ENTRY--TOPICAL TERM | |
| Topical term or geographic name as entry element | Hadith |
| General subdivision | Criticism, interpretation, etc. |
| Form subdivision | Early works to 1800. |
| 9 (RLIN) | 245886 |
| 700 ## - ADDED ENTRY--PERSONAL NAME | |
| Personal name | Abdul Latif, Abdel Wahab |
| Personal name | عبد اللطيف, عبدالوهاب |
| 830 ## - SERIES ADDED ENTRY--UNIFORM TITLE | |
| Uniform title | علم اصول الحديث |
| 942 ## - ADDED ENTRY ELEMENTS (KOHA) | |
| Source of classification or shelving scheme | Dewey Decimal Classification |
| Koha item type | Books |
| Lost status | Source of classification or shelving scheme | Damaged status | Not for loan | Collection code | Permanent Location | Current Location | Shelving location | Date acquired | Source of acquisition | Cost, normal purchase price | Total Checkouts | Full call number | Date last seen | Copy number | Koha item type |
|---|---|---|---|---|---|---|---|---|---|---|---|---|---|---|---|
| Dewey Decimal Classification | Not For Loan | Non-fiction | Central Library, University of Rajshahi | Central Library, University of Rajshahi | Reading Room | 16/06/1996 | Sawdia kutubkhana, Dhaka | 270.00 | A 297.12509 SUT V-1 1966 | 14/03/2021 | C-1 | Books | |||
| Dewey Decimal Classification | Non-fiction | Central Library, University of Rajshahi | Central Library, University of Rajshahi | 27/11/2021 | Wahidiah Libraey, Rajshahi | 858.00 | A 297.12509 SUT V-1 2010 | 29/11/2021 | C-2 | Books | |||||
| Dewey Decimal Classification | Non-fiction | Central Library, University of Rajshahi | Central Library, University of Rajshahi | 27/11/2021 | Wahidiah Libraey, Rajshahi | 858.00 | A 297.12509 SUT V-1 2010 | 29/11/2021 | C-3 | Books | |||||
| Dewey Decimal Classification | Non-fiction | Central Library, University of Rajshahi | Central Library, University of Rajshahi | 23/08/2008 | Al maktabbatul Arabiah, Dhaka | 450.00 | A 297.12509 SUT V-1 2006 | 29/11/2021 | C-4 | Books |